[Event "Challenge"]
[Site "http://www.queenalice.com/game.php?id=1596380"]
[Date "2020.1.15"]
[Round "-"]
[White "Rommel"]
[Black "Canuma"]
[Result "0-1"]
[WhiteElo "2032"]
[BlackElo "2285"]

1. e4 Nf6 2. Nc3 e5 3. f4 d5 4. exd5 exf4 5. Nf3 Bd6 6. d4 O-O 7. Be2 c6 8. dxc6
Nxc6 9. O-O Bg4 10. h3 Bh5 11. Nh4 g6 12. Bxh5 Nxh5 13. Nf5 Bc7 14. d5 Ne7 15.
Nh6+ Kg7 16. Ng4 Rc8 17. Qd4+ f6 18. Kh2 f3+ 19. g3 Nxg3 20. Bh6+ Kh8 21. Bf4
Nxf1+ 22. Rxf1 Bxf4+ 23. Qxf4 Nxd5 24. Qa4 Rxc3 25. bxc3 Qd6+ 0-1

[Event "Challenge"]
[Site "http://www.queenalice.com/game.php?id=1598205"]
[Date "2020.2.3"]
[Round "-"]
[White "Rommel"]
[Black "LeMonstrepoilu"]
[Result "0-1"]
[WhiteElo "2026"]
[BlackElo "2000"]

1. e4 c5 2. Nf3 a6 3. d4 cxd4 4. Nxd4 Nf6 5. Nc3 e5 6. Nb3 Bb4 7. Bg5 h6 8. Bxf6
Bxc3+ 9. bxc3 Qxf6 10. Bc4 O-O 11. a4 d6 12. O-O Qe7 13. Nd2 Nd7 14. f4 exf4 15.
Rxf4 Ne5 16. Bb3 Be6 17. h3 Qg5 18. Qf1 Bxh3 19. Qf2 Rac8 20. c4 Be6 21. Re1
Nxc4 22. Bxc4 Bxc4 23. e5 d5 24. Rb1 b5 25. axb5 Bxb5 26. c4 dxc4 27. Re1 Qe7
28. Ne4 c3 29. Nd6 c2 30. Nxc8 Rxc8 31. Rc1 Bd3 32. Qe3 Bg6 33. Ra4 Rc6 34. Ra5
Qb4 35. Ra3 Qg4 36. Qd2 Rc4 37. Rf3 Kh7 38. Rff1 Qd4+ 39. Qf2 Qxe5 40. Rfe1 Qb5
0-1

[Event "Challenge"]
[Site "http://www.queenalice.com/game.php?id=1606967"]
[Date "2020.4.10"]
[Round "-"]
[White "Rommel"]
[Black "peterwagner"]
[Result "0-1"]
[WhiteElo "1991"]
[BlackElo "1999"]

1. e4 e5 2. f4 Nf6 3. Nc3 g6 4. Nf3 d5 5. exd5 Nxd5 6. fxe5 Bg7 7. d4 Bf5 8. Be2
Nc6 9. Bg5 Qd7 10. O-O h6 11. Bf6 Bxf6 12. exf6 Nf4 13. Bb5 O-O-O 14. Kh1 Qe6
15. Re1 Qxf6 16. Bxc6 bxc6 17. Ne2 Nxe2 18. Qxe2 Kb7 19. Qc4 Rd5 20. c3 Bg4 21.
Ne5 Bf5 22. Qxc6+ Qxc6 23. Nxc6 Kxc6 24. Re7 Rd7 25. Re3 Rd6 26. Rae1 Re6 27. c4
Kd7 28. Rxe6 Bxe6 29. d5 Bf5 30. a3 Re8 31. Rxe8 Kxe8 32. g3 Bc2 33. Kg1 Bb3 0-1

[Event "Challenge"]
[Site "http://www.queenalice.com/game.php?id=1607625"]
[Date "2020.4.14"]
[Round "-"]
[White "Rommel"]
[Black "elisa"]
[Result "0-1"]
[WhiteElo "2009"]
[BlackElo "1949"]

1. e4 e5 2. f4 exf4 3. Nf3 Nf6 4. Nc3 d5 5. exd5 Nxd5 6. Bc4 Qe7+ 7. Be2 Be6 8.
Nxd5 Bxd5 9. O-O Nd7 10. d4 g5 11. Bb5 O-O-O 12. c3 Kb8 13. a4 Qf6 14. Qc2 g4
15. Ne5 Nxe5 16. dxe5 Qxe5 17. Bxf4 Bc5+ 18. Kh1 Qh5 19. c4 Be6 20. a5 Rhg8 21.
Qe2 a6 22. Qe5 Qxe5 23. Bxe5 axb5 24. cxb5 Rd5 25. Bg3 Bd6 26. Bh4 Rxb5 27. a6
bxa6 28. Rxa6 Rh5 29. Rfa1 Bd5 30. Bf2 Rxh2+ 31. Kg1 g3 32. Bd4 Rxg2+ 33. Kf1
Rh2 0-1

[Event "Challenge"]
[Site "http://www.queenalice.com/game.php?id=1612818"]
[Date "2020.5.18"]
[Round "-"]
[White "Rommel"]
[Black "dogxadrez"]
[Result "0-1"]
[WhiteElo "1975"]
[BlackElo "2065"]

1. e4 e5 2. f4 exf4 3. Nf3 g5 4. Bc4 Bg7 5. h3 Nc6 6. d4 h6 7. O-O Nge7 8. Nc3
d6 9. b3 a6 10. a4 f5 11. Ba3 fxe4 12. Nd5 exf3 13. c3 Nxd5 14. Bxd5 Ne7 15.
Bxf3 O-O 16. Qc2 Nf5 17. Bc1 Ng3 18. Re1 g4 19. hxg4 Qh4 20. Ba3 Bxg4 21. Qd3
Bxf3 22. Qxf3 Rae8 23. Qd5+ Kh7 24. c4 Rxe1+ 25. Rxe1 Re8 0-1

[Event "Challenge"]
[Site "http://www.queenalice.com/game.php?id=1617840"]
[Date "2020.6.23"]
[Round "-"]
[White "Rommel"]
[Black "rogers10"]
[Result "1-0"]
[WhiteElo "1963"]
[BlackElo "1802"]

1. e4 e6 2. Nc3 d5 3. d4 dxe4 4. Nxe4 Nf6 5. Bg5 Be7 6. Nxf6+ Bxf6 7. Bxf6 Qxf6
8. Nf3 O-O 9. Bd3 Nc6 10. O-O b6 11. Re1 Bb7 12. c4 Rfd8 13. d5 exd5 14. cxd5
Nb4 15. Qb3 Nxd3 16. Qxd3 Rxd5 17. Qe3 Kf8 18. Ne5 Qg5 19. Qxg5 f6 20. Qg4 fxe5
21. Qf5+ Kg8 22. Rxe5 Rad8 23. Qe6+ Kf8 24. Qe7+ Kg8 25. Rxd5 1-0

[Event "Challenge"]
[Site "http://www.queenalice.com/game.php?id=1636571"]
[Date "2020.12.16"]
[Round "-"]
[White "Rommel"]
[Black "Jsc"]
[Result "0-1"]
[WhiteElo "1968"]
[BlackElo "2035"]

1. e4 e6 2. d4 d5 3. exd5 exd5 4. Bd3 Bd6 5. Nc3 c6 6. Nge2 h6 7. O-O Nf6 8. f3
Qc7 9. g3 Nh5 10. Qe1 O-O 11. Qf2 Re8 12. Kh1 Nd7 13. f4 Nb6 14. b3 Bd7 15. f5
c5 16. Nb5 Bxb5 17. Bxb5 Re4 18. Bd3 Re7 19. dxc5 Bxc5 20. Qf3 Nf6 21. Bf4 Bd6
22. Be3 Nbd7 23. Rae1 Ne5 24. Qg2 Nxd3 25. cxd3 Rxe3 26. Nd4 Rxe1 27. Rxe1 Qc3
28. Nb5 Qxe1+ 0-1

[Event "Challenge"]
[Site "http://www.queenalice.com/game.php?id=1639296"]
[Date "2021.1.8"]
[Round "-"]
[White "Rommel"]
[Black "Igel"]
[Result "0-1"]
[WhiteElo "1955"]
[BlackElo "1957"]

1. e4 c5 2. Nf3 e6 3. d4 cxd4 4. Nxd4 a6 5. Nc3 Qc7 6. g3 Nf6 7. Bg2 Nc6 8. O-O
Be7 9. Re1 O-O 10. Be3 d6 11. Qd2 Ne5 12. h3 Nc4 13. Qc1 Bd7 14. f4 Rfc8 15. Bd2
Qb6 16. Be3 Qxb2 17. Qxb2 Nxb2 18. Rab1 Rxc3 19. Rxb2 b5 20. e5 Nd5 21. Bxd5
exd5 22. exd6 Bf6 23. g4 Rxe3 0-1

[Event "Challenge"]
[Site "http://www.queenalice.com/game.php?id=1642499"]
[Date "2021.2.3"]
[Round "-"]
[White "Rommel"]
[Black "flibbertygibbet"]
[Result "1-0"]
[WhiteElo "1955"]
[BlackElo "1987"]

1. e4 e6 2. d4 d5 3. Nc3 Bb4 4. e5 c5 5. a3 Bxc3+ 6. bxc3 Ne7 7. Nf3 Nbc6 8. Bd2
cxd4 9. cxd4 Nf5 10. c3 O-O 11. Bd3 Nh4 12. Bxh7+ Kxh7 13. Ng5+ 1-0

[Event "Challenge"]
[Site "http://www.queenalice.com/game.php?id=1644674"]
[Date "2021.2.24"]
[Round "-"]
[White "Rommel"]
[Black "Canaye"]
[Result "1-0"]
[WhiteElo "1987"]
[BlackElo "1860"]

1. e4 e6 2. d4 d5 3. e5 c5 4. c3 Nc6 5. Nf3 cxd4 6. cxd4 Bb4+ 7. Nc3 Qb6 8. Be2
Nge7 9. Bd3 Bd7 10. Be3 h6 11. O-O Bxc3 12. bxc3 O-O 13. Qd2 Nf5 14. Bxf5 exf5
15. Bxh6 Ne7 16. Bg5 f6 17. exf6 gxf6 18. Bh4 Ng6 19. Qh6 Be8 20. Rae1 Nxh4 21.
Nxh4 Qc7 22. Ng6 Bxg6 23. Qxg6+ Qg7 24. Qxf5 Rad8 25. Re3 Kf7 26. Qe6+ Kg6 27.
Rg3+ 1-0

[Event "Challenge"]
[Site "http://www.queenalice.com/game.php?id=1645663"]
[Date "2021.3.4"]
[Round "-"]
[White "Rommel"]
[Black "Tig"]
[Result "1-0"]
[WhiteElo "1998"]
[BlackElo "2025"]

1. e4 d5 2. exd5 Qxd5 3. Nc3 Qd6 4. d4 Nf6 5. Bd3 c6 6. Nge2 Bg4 7. f3 Bh5 8.
O-O e6 9. Bf4 Qd8 10. Kh1 Bd6 11. Bg5 Nbd7 12. Ne4 Bc7 13. Nf4 Bxf4 14. Bxf4 Nd5
15. Bd2 Qc7 16. c4 Nf4 17. Bb1 Bg6 18. g3 Nh3 19. Kg2 Qb6 20. Kxh3 Qxb2 21. Bc3
Qb6 22. d5 Bxe4 23. fxe4 exd5 24. exd5 O-O-O 25. Bxg7 Rhe8 26. Rxf7 Ne5 27. Bf5+
Kb8 28. Bxe5+ Rxe5 29. Rb1 Qa6 30. dxc6 Rxd1 31. c7+ 1-0

[Event "Challenge"]
[Site "http://www.queenalice.com/game.php?id=1648570"]
[Date "2021.4.3"]
[Round "-"]
[White "Rommel"]
[Black "maurice91"]
[Result "1-0"]
[WhiteElo "2015"]
[BlackElo "1938"]

1. e4 c6 2. d4 d5 3. exd5 cxd5 4. c4 e6 5. c5 Nc6 6. Nf3 a5 7. Nc3 b6 8. Bb5 Bd7
9. Be3 bxc5 10. dxc5 Qb8 11. O-O Nf6 12. Qa4 Qc8 13. Nd4 Nxd4 14. Bxd4 Bxb5 15.
Qxb5+ Qd7 16. Qd3 Rb8 17. Bxf6 gxf6 18. a4 Bxc5 19. Nb5 h5 20. Kh1 Ke7 21. Rac1
Rbc8 22. Rc2 f5 23. Qg3 Rcg8 24. Qh4+ f6 25. Rxc5 Rg4 26. Qh3 Kf8 27. Qc3 Rc4
28. Rxc4 dxc4 29. Qxf6+ Kg8 30. Qg6+ Kf8 31. Qf6+ Kg8 32. Re1 Rh7 33. Qe5 Re7
34. Nd6 c3 35. bxc3 Kh7 36. Nxf5 exf5 37. Qxe7+ 1-0

[Event "Challenge"]
[Site "http://www.queenalice.com/game.php?id=1649887"]
[Date "2021.4.17"]
[Round "-"]
[White "Rommel"]
[Black "Scharlatan"]
[Result "1-0"]
[WhiteElo "2002"]
[BlackElo "2187"]

1. e4 Nc6 2. Nf3 d6 3. d4 Nf6 4. Nc3 Bg4 5. Be3 e5 6. Bb5 exd4 7. Bxd4 Be7 8.
O-O O-O 9. Bxc6 bxc6 10. Qe2 c5 11. Be3 Re8 12. Rad1 Nd7 13. Nd5 Bf6 14. Bf4 Bf5
15. Nxf6+ Qxf6 16. e5 dxe5 17. Bg3 e4 18. Nh4 Rab8 19. Nxf5 Qxf5 20. Bxc7 Rxb2
21. Rb1 Rxa2 22. Qd2 Nf6 23. Rb8 Rxb8 24. Bxb8 h6 25. f3 exf3 26. Qd8+ Kh7 27.
Qd1 Qxc2 28. Qxf3 a5 29. Be5 Ne4 30. Qf5+ Kg8 31. Qxf7+ Kh7 32. Qxg7# 1-0

[Event "Challenge"]
[Site "http://www.queenalice.com/game.php?id=1650172"]
[Date "2021.4.20"]
[Round "-"]
[White "Rommel"]
[Black "Meckerkopp"]
[Result "0-1"]
[WhiteElo "2028"]
[BlackElo "2077"]

1. e4 e5 2. f4 exf4 3. Nf3 d5 4. exd5 Bd6 5. d4 a6 6. a4 Qf6 7. Be2 Ne7 8. Nc3
Bf5 9. O-O O-O 10. Bd3 Nd7 11. Ne4 Bxe4 12. Bxe4 Nb6 13. b3 Nbxd5 14. Bxh7+ Kxh7
15. Bd2 Nf5 16. Re1 Qg6 17. Qe2 Rae8 18. Qf2 Bb4 19. Red1 Bxd2 20. Rxd2 Nde3 21.
Ne5 Qh6 22. Re1 Rxe5 23. dxe5 Ng4 24. Qc5 Qxh2+ 25. Kf1 Ng3# 0-1

[Event "Challenge"]
[Site "http://www.queenalice.com/game.php?id=1760169"]
[Date "2021.5.22"]
[Round "-"]
[White "Rommel"]
[Black "Asspain"]
[Result "0-1"]
[WhiteElo "2014"]
[BlackElo "2075"]

1. e4 Nf6 2. Nc3 d5 3. exd5 Nxd5 4. d4 Nxc3 5. bxc3 e6 6. Nf3 Be7 7. Bd3 Bd7 8.
Be3 Nc6 9. O-O O-O 10. Rb1 b6 11. Nd2 e5 12. f4 exd4 13. cxd4 Bf6 14. c3 Ne7 15.
f5 Nd5 16. Qe1 Re8 17. Rf3 Nxc3 18. Rb3 Bxd4 19. Ne4 Bxe3+ 20. Qxe3 Nxe4 21.
Bxe4 Bc6 22. Rb4 Bxe4 23. Rxe4 Rxe4 24. Qxe4 c5 25. Rd3 Qe8 26. Qxe8+ Rxe8 27.
Rd7 Ra8 28. Rc7 h5 29. g3 a6 30. Kf2 Rd8 31. Ke3 Rd6 32. Ra7 a5 33. Rb7 c4 34.
Rc7 b5 35. Rc5 Rb6 36. Kf4 f6 37. h3 a4 38. a3 b4 39. axb4 Rxb4 40. Kf3 Rb3+ 41.
Ke2 Rxg3 42. Rxc4 a3 43. h4 a2 44. Ra4 Rg1 45. Kf2 a1=Q 0-1

[Event "Challenge"]
[Site "http://www.queenalice.com/game.php?id=1761824"]
[Date "2021.6.10"]
[Round "-"]
[White "Rommel"]
[Black "cavaliernoir"]
[Result "1-0"]
[WhiteElo "2000"]
[BlackElo "1515"]

1. e4 e5 2. f4 Nc6 3. Nf3 f6 4. Bc4 Nge7 5. Nc3 Ng6 6. d4 Bb4 7. fxe5 fxe5 8.
dxe5 Ngxe5 9. Qd5 Nxf3+ 10. gxf3 Bxc3+ 11. bxc3 Ne7 12. Qf7# 1-0

[Event "Challenge"]
[Site "http://www.queenalice.com/game.php?id=1770214"]
[Date "2021.9.18"]
[Round "-"]
[White "Rommel"]
[Black "Asspain"]
[Result "1-0"]
[WhiteElo "2025"]
[BlackElo "2071"]

1. e4 Nf6 2. Nc3 d5 3. e5 Ne4 4. d4 Nxc3 5. bxc3 e6 6. Bd3 Nc6 7. Nf3 Be7 8. O-O
O-O 9. Be3 b6 10. Rb1 Na5 11. Nd2 c5 12. Qh5 g6 13. Qh6 Re8 14. Nf3 Bf8 15. Qh3
f6 16. exf6 Qxf6 17. Bb5 Bb7 18. Bxe8 Rxe8 19. Ne5 Nc4 20. Nd7 Qe7 21. Nxf8 Rxf8
22. Bh6 Rf5 23. Rfe1 Bc8 24. Qg3 e5 25. dxc5 Qxc5 26. Red1 Nd6 27. Qh4 Nf7 28.
Be3 Qc6 29. f3 Qxc3 30. Bd2 Qc5+ 31. Kh1 Rh5 32. Qa4 Kg7 33. Qe8 d4 34. Bb4 Qc7
35. Be7 1-0

[Event "Challenge"]
[Site "http://www.queenalice.com/game.php?id=1772892"]
[Date "2021.10.22"]
[Round "-"]
[White "Rommel"]
[Black "Igel"]
[Result "0-1"]
[WhiteElo "2043"]
[BlackElo "2067"]

1. e4 c5 2. Nf3 e6 3. d4 cxd4 4. Nxd4 Nf6 5. Nc3 Bb4 6. Bd3 Nc6 7. Nxc6 dxc6 8.
Bg5 e5 9. O-O h6 10. Bh4 Be6 11. h3 Bxc3 12. bxc3 Qa5 13. Bxf6 gxf6 14. c4 Rg8
15. Kh1 O-O-O 16. f4 Bxc4 17. Qg4+ Rxg4 0-1

[Event "Challenge"]
[Site "http://www.queenalice.com/game.php?id=1773934"]
[Date "2021.11.3"]
[Round "-"]
[White "Rommel"]
[Black "Igel"]
[Result "0-1"]
[WhiteElo "2028"]
[BlackElo "2082"]

1. e4 c5 2. d4 cxd4 3. c3 dxc3 4. Nxc3 Nc6 5. Nf3 e6 6. Bc4 Nge7 7. Bg5 a6 8.
Qe2 h6 9. Bh4 b5 10. Bb3 g5 11. Bg3 Ng6 12. O-O g4 13. Ne1 h5 14. Rd1 h4 15. Bd6
Bxd6 16. Rxd6 Qg5 17. Rd1 g3 18. h3 Nf4 19. Qe3 Rg8 20. Kh1 Nxh3 21. Qxg5 Nxg5
22. f4 Nh7 23. e5 f5 24. exf6 Nxf6 25. f5 Ng4 26. fxe6 Nf2+ 27. Rxf2 gxf2 28.
exd7+ Bxd7 29. Bxg8 f1=Q+ 0-1

[Event "Challenge"]
[Site "http://www.queenalice.com/game.php?id=1775124"]
[Date "2021.11.18"]
[Round "-"]
[White "Rommel"]
[Black "flemster"]
[Result "0-1"]
[WhiteElo "2014"]
[BlackElo "2093"]

1. e4 e5 2. f4 exf4 3. Nf3 g5 4. Bc4 Bg7 5. h3 Nc6 6. d4 d6 7. O-O h6 8. Nc3
Nge7 9. a3 O-O 10. b4 Ng6 11. Bb2 Be6 12. d5 Nce5 13. Bb3 Bd7 14. Nxe5 Bxe5 15.
Qd2 Qf6 16. Rf3 Nh4 17. Rff1 g4 18. hxg4 Bxg4 19. Rab1 Bd4+ 20. Kh1 Nf5 0-1